000 00317nam a2200133Ia 4500
003 GCL
008 140319s9999 xx 000 0 ara d
040 _aGCL /
_cGCL
082 0 4 _a962.4
_bن ت
245 1 0 _aتاريخ السودان
260 _a[S.N] :
_bدار الجيل ،
_c1981
300 _a124 ص
490 _a
999 _c54944
_d54944